| 000 | 00457nam a2200181Ia 4500 | ||
|---|---|---|---|
| 001 | 8508 | ||
| 005 | 20260306160614.0 | ||
| 008 | 260306t1995||||xx |||||||||||||| ||spa|| | ||
| 041 | _aESP | ||
| 082 |
_a371.1 _bR75 |
||
| 100 |
_aRodríguez Marcos, Ana _eAUT |
||
| 245 | 0 | _aUn enfoque interdisciplinar en la formación de los maestros | |
| 260 | _c1995 | ||
| 300 |
_a255 páginas : _c24 cm. |
||
| 650 | _aGEN | ||
| 654 | _aCED | ||
| 942 |
_cLIB _dJUS _fJUS _2ddc _n |
||
| 999 |
_c8508 _d8508 |
||